| 000 | 00856nam a22001815i 4500 | ||
|---|---|---|---|
| 001 | 160695 | ||
| 003 | ES-MaACL | ||
| 005 | 20230906212117.0 | ||
| 008 | 010814s1855 sp |||| | spa d | ||
| 040 |
_aAR _bspa _cAR |
||
| 100 | 1 |
_aNieva, Juan José. _9130490 |
|
| 245 | 1 | 3 |
_aLa escuela de las amigas _b: comedia en un acto y en verso / _coriginal de Juan José Nieva. |
| 260 |
_aMadrid : _b[Manuel Pedro Delgado], _c1855 ( _fImprenta de Repullés) |
||
| 300 |
_a36 p ; _c19 cm. |
||
| 500 | _aEn port.: Representada con estraordinario [sic] aplauso en el teatro de Lope de Vega en la noche del 20 de marzo de 1855. | ||
| 596 | _aNombre del ed. tomado de la cub. | ||
| 852 |
_aES-MaACL _jF-8620(7) _z-- Enc. pasta española _q-- Falto de la cub. original _z-- Enc. en un vol. facticio formando parte de la col. facticia "Teatro español moderno", vol. 75 |
||
| 999 |
_c160695 _d160695 |
||